Énergie nucléaire - Quiz - Statistiques

Statistiques générales
  • Ce quiz a été pris 93 fois
  • Le résultat moyen est 19 sur 30
Statistiques - réponses
Question Réponse % Correct
Quel phénomène est à la base de la production d'énergie dans une centrale nucléaire classique ? Fission nucléaire
91%
Quel est le nom de la catastrophe nucléaire survenue au Japon en 2011 ? Fukushima
91%
Quel est le principal risque des déchets nucléaires à long terme ? Radioactivité persistante
87%
Où s'est produit le plus grave accident nucléaire civil de l’histoire ? Tchernobyl
87%
Quelle technologie utilise-t-on dans les réacteurs de type REP (réacteur à eau pressurisée) ? Eau sous haute pression
82%
Quel pays a réalisé le premier essai nucléaire en 1945 ? États-Unis
80%
Quel pays produit la plus grande part de son électricité avec le nucléaire ? France
80%
Quelle invention est à l'origine du développement du nucléaire civil et militaire ? La bombe atomique
79%
Quel combustible est utilisé dans le cycle MOX (Mixed Oxide Fuel) ? Plutonium et uranium
79%
Quel isotope est principalement utilisé comme combustible dans les réacteurs actuels ? Uranium-235
78%
Que produit principalement une centrale nucléaire ? Vapeur d’eau
72%
Quel prix Nobel est associé à la découverte de la radioactivité naturelle ? Marie Curie
71%
Quelle est la durée moyenne d’exploitation prévue d’un réacteur nucléaire en France ? 40 ans
70%
Quelle particule est essentielle pour entretenir la réaction en chaîne nucléaire ? Neutron
68%
Quelle énergie est émise lors de la fission nucléaire ? Énergie thermique
66%
Où se développe le réacteur international expérimental de fusion ITER ? France
63%
Quelle unité mesure l'activité radioactive ? Becquerel
62%
Quel est l'avantage principal de l'énergie nucléaire par rapport aux énergies fossiles ? Elle émet très peu de gaz à effet de serre
58%
Quelle entreprise française est spécialisée dans la gestion du cycle du combustible nucléaire ? Orano
58%
Quelle est la fonction des barres de contrôle dans un réacteur nucléaire ? Absorber les neutrons
57%
Quelle catastrophe nucléaire est associée au réacteur RBMK ? Tchernobyl
55%
Quelle agence surveille le respect de l'usage pacifique de l'énergie nucléaire ? AIEA
53%
Quel gaz radioactif peut s’échapper des sols et poser problème dans certaines habitations ? Radon
53%
Quelle est la principale difficulté technique de la fusion nucléaire par confinement magnétique ? Températures extrêmement élevées nécessaires
47%
Quel traité signé en 1968 vise à empêcher la prolifération des armes nucléaires ? TNP
47%
Quelle demi-vie radioactive est associée au plutonium-239 ? 24 000 ans
45%
Quel pays européen a décidé de sortir totalement du nucléaire civil après Fukushima ? Allemagne
41%
Quel élément, considéré comme prometteur, pourrait être utilisé dans les réacteurs de 4e génération ? Thorium
41%
Quel élément modérateur est couramment utilisé pour ralentir les neutrons dans les réacteurs ? Eau lourde
33%
Quelle technique permet de séparer les isotopes d’uranium lors de l’enrichissement ? Diffusion gazeuse
30%
Aucun quiz correspondant
Distribution des résultats
% des personnes avec chaque résultat
Percentile par nombre de réponses
Votre historique - résultats
Vous n’avez pas pris ce quiz